1438 1466 1972 1956 1264 1461 1193 1060 1043 1240 1517 1365 1762 1275 1694 1694 1132 1310 1965 1336 1353 1455 1122 1387 1855 1802 1672 1371 1269 1276 1794 1094 1131 1029 1672 1323 1163 1571 1294 1453 1585 1520 1422 1690 1537 1654 1937 1256 1153 1163 1652 1850 1265 1101 1378 1708 1809 1219 1119 1923 1876 1987 1324 1880 1528 1302 1530 1995 1572 1354 1651 1914 1290 1691 1042 1065 1188 1731 1294 1990 1654 1002 1444 1979 1093 1967 1396 1203 1013 1095 1507 1975 1212 1207 1315 1329 1490 1151 1329 BCNSPRNW ULIB Ver.6.0+V

เปลี่ยนเป็นภาษาไทย

Change to English
 แสดงรายละเอียดบรรณานุกรม
  กลับหน้าหลัก

Brief Record : Get Marc (ISO 2709) : E-mail record : QR code < ปิดหน้าต่าง
LEADER : 00000nam 2200000uu 4500
001    13399112386
003     ULIB
008    110810s2551||||th 000 0 tha d
020    9789742363031
060 04 W84^bช576ค 2552
100 0  ชิษณุ พันธุ์เจริญ
245 00 คู่มือทักษะการสื่อสารด้านบริการทางการแพทย์ /^cบรรณาธิการ, ชิษณุ พันธุ์เจริญ, จรุงจิตร์ งามไพบูลย์
246 14 ทักษะการสื่อสารด้านบริการทางการแพทย์ :^bฉบับพกพา
246 30 ทักษะการสื่อสารด้านบริการทางการแพทย์
250    พิมพ์ครั้งที่ 1
260    กรุงเทพฯ :^bธนาเพรส,^c2551
300    107 หน้า ;^c19 ซม.
650  7 การสื่อสารทางการแพทย์^vคู่มือ
650  7 การให้คำปรึกษา
650  7 ผู้ป่วย^xการให้คำปรึกษา
700 0  จรุงจิตร์ งามไพบูลย์,^eบรรณาธิการ
710 2  โรงพยาบาลจุฬาลงกรณ์. ^bฝ่ายกุมารเวชศาสตร์.^bศูนย์ฝึกอบรมทักษะการสื่อสาร
945    ^p90^l0^i025254
945    ^p90^l0^i025255
945    ^p90^l0^i025256
945    ^p90^l0^i025257
945    ^p90^l0^i025258
945    ^p90^l0^i025259
945    ^p90^l0^i025260
945    ^p90^l0^i026410
995    ทศพร
999 ^a ทศพร
รายการนี้ยังไม่มีแท็ก
คุณยังไม่ได้ล็อกอิน คุณสามารถมีกิจกรรมร่วมกับเว็บไซต์ได้ แต่ต้องล็อกอินก่อน ::
  ล็อกอิน

รายการสื่อสารสนเทศ

ลำดับที่ ประเภท เลขเรียก/บาร์โค้ด สถานที่ สถานะ
- ไม่พบข้อมูล -

รายการใกล้เคียง
    ผู้แต่ง [ชิษณุ พันธุ์เจริญ]

    หัวเรื่อง [การให้คำปรึกษา]

BibComment


ยังไม่เคยถูกคอมเมนท์

คอมเมนท์ทรัพยากรรายการนี้
  คอมเมนท์: คู่มือทักษะการสื่..


 Copyright 2026. Bcnsprnw @Library